| 000 | 00481nam a2200157 i 4500 | ||
|---|---|---|---|
| 001 | 100711 | ||
| 003 | ES-MaACL | ||
| 005 | 20230906182730.0 | ||
| 007 | t| | ||
| 008 | 051004s1910 sp ||||1| spa d | ||
| 100 | 1 |
_aMateos y Sotos, Rafael. _978991 |
|
| 245 | 1 | 3 |
_aLa provincia de Albacete en la Guerra de la Independencia / _cRafael Mateos y Sotos. |
| 260 |
_aAlbacete : _b[s.n.], _c1910 ( _fImp. Diario de Albacete) |
||
| 300 |
_a102 p. ; _c8ยบ. |
||
| 852 |
_aES-MaACL _j1658-F-3 |
||
| 999 |
_c100711 _d100711 |
||